| 000 | 00862cam a2200253 i 4500 | ||
|---|---|---|---|
| 001 | 1377489802 | ||
| 003 | OCoLC | ||
| 005 | 20250604123117.0 | ||
| 008 | 230426s2023 sz a ob 001 0 eng d | ||
| 020 | _z9783031234231 | ||
| 024 | 7 | _a10.1007/978-3-031-23424-8 | |
| 040 |
_aGW5XE _beng _erda _cNUST _dNUST |
||
| 050 | 4 | _aQC718.5.MIC | |
| 100 | 1 |
_aMichel, Pierre, _eauthor |
|
| 245 | 1 | 0 |
_aIntroduction to laser-plasma interactions / _cPierre Michel |
| 260 |
_aUnited States of America, _bSprinter, _c©2023. |
||
| 300 |
_axiv,390 pages : _billustrations (black and white) _c25 cm |
||
| 336 |
_atext _btxt _2rdacontent |
||
| 337 |
_aunmediated _bn _2rdamedia |
||
| 338 |
_avolume _bnc _2rdacarrier |
||
| 504 | _aIncludes bibliographical references and index | ||
| 650 | 0 | _aLaser-plasma interactions. | |
| 942 |
_2lcc _n0 _cBOOKS _hQC718.5.MIC _kQC _mMIC |
||
| 999 |
_c171968 _d171968 |
||